| 000 | 00549nam a2200217Ia 4500 | ||
|---|---|---|---|
| 003 | OSt | ||
| 005 | 20230505143918.0 | ||
| 008 | 210423s2001 xx 000 0 und d | ||
| 020 | _a9780780360297 | ||
| 040 | _cAL | ||
| 041 | _aeng | ||
| 082 |
_a538 MORA _223 |
||
| 100 |
_aMORRISH (Allan H). _998379 |
||
| 245 | _aPhysical principles of magnetism. | ||
| 260 |
_aNew york _bIEEE press _c2001 |
||
| 300 |
_axv,680 _bHB |
||
| 365 |
_b6347 _cINR |
||
| 650 |
_aMagnetism _998380 |
||
| 906 | _amagnetism. ; Physical ; principles | ||
| 942 |
_2ddc _cBK |
||
| 999 |
_c162136 _d162136 |
||